000 00600nam a2200229Ia 4500
003 OSt
005 20220928105808.0
006 a|||||r|||| 00| 0
007 ta
008 220927b |||||||| |||| 00| 0 eng d
024 _a44827
037 _cTextual
040 _aSDCL
_cSDCL
_beng
041 _2eng
_aeng
082 _aO152,1J55:g, K1;K7
100 _aSingh Vijaypal
245 0 _aKeshav aur unka sahitya
260 _aDelhi
_bRajpal And Son's
_c1967
300 _a393p.
_ccm.
942 _hO152,1J55:g, K1;K7
_cTEXL
_2CC
999 _c732837
_d732837